Стенограмма 2-го Пленарного Заседания 3-й Сессии ЦИК СССР 2-го созыва

Доступно только в Электронных читальных залах Найти на картеНа карте
RUSMARC
00004851nac2a22003013x 450
00156c7ae80-8808-4c4f-9a7a-ba183a681e0a
00520210122121917.0
100##$a20201211l1925 k y0rusy50 ca
1010#$arus
102##$aRU
105##$ay z |||||
1220#$ad19250304
2001#$aСтенограмма 2-го Пленарного Заседания 3-й Сессии ЦИК СССР 2-го созыва
$j04.03.1925
215##$a111 листов
251##$cДело
300##$aЗаголовок дела на папке: Стенограмма 2-го Совместного Заседания Союзного Совета и Совета Национальностей 3-й Сессии ЦИК Союза ССР 2-го созыва. От 4 марта 1925 года. (Утро)
300##$aМашинописный и рукописный текст
330##$aВходит в раздел описи: 2-й Съезд Советов. 3-я Сессия ЦИК СССР
461#0$1001796d4672-8a00-4986-b488-6e42273792cc
$12001
$aЦЕНТРАЛЬНЫЙ ИСПОЛНИТЕЛЬНЫЙ КОМИТЕТ СССР (ЦИК СССР)
$1251
$cФонд
$1852
$j3316
$gР
462#0$1001d175c90d-3e02-43ef-8d58-b19fcd889776
$12001
$aДела 2-го Съезда Советов и 1-й, 2-й, 3-й Сессий ЦИК СССР 2-го созыва. 1924-й год - 1925 г.
$vД. 181
$1251
$cОпись
$1852
$j2
5171#$aСтенограмма 2-го Совместного Заседания Союзного Совета и Совета Национальностей 3-й Сессии ЦИК Союза ССР 2-го созыва. От 4 марта 1925 года. (Утро)
60101$3RU\NLR\AUTH\880357276
$aСССР
$bЦИК
60102$3RU\NLR\AUTH\880399350
$aСССР
$bЦИК
$bСозыв
$c2
$bСессия
$d3
60101$3RU\NLR\AUTH\880399260
$aСССР
$bЦентральный исполнительный комитет
$bСоюзный Совет
60101$3RU\NLR\AUTH\880398223
$aСССР
$bЦентральный исполнительный комитет
$bСовет национальностей
801#0$aRU
$bGA_RF
801#1$aRU
$bГлавНИВЦ
$c20201211
$2rusmarc
801#2$aRU
$bПБ им. Б.Н. Ельцина
$c20210122
$gRCR
$2rusmarc
852##$aГА РФ
$j181
937##$d154976253
$hГАРФ
035##$aRuPRLIB51059206
856##$uhttp://readingroom.main.prlib.ru/item.aspx?id_node=n154976253&mode=full
Формат отображения